000 00655nam a2200205Ia 4500
003 GCL
008 140319s9999 xx 000 0 ara d
040 _aGCL /
_cGCL
082 0 4 _a253.9
_bع و
100 1 _aعبدالودود محمد الشربينى
245 1 0 _aالوصايا والاوقاف والواريث فى الشريعة الاسلامية /
_cعبدالودود محمد الشربينى
300 _a431 ص
490 _a100 قصة
_v0
650 0 4 _aالاسلام
650 0 4 _aالشريعة الاسلامية
650 0 4 _aالفقه الاسلامى
650 0 4 _aالارث
650 0 4 _aالوصايا
942 _2ddc
_cBK
999 _c45302
_d45302